000 00783nam a22002177a 4500
999 _c13183
_d13183
003 AR-CdUCM
008 190411b ||||| |||| 00| 0 spa d
040 _aMUNICIPALIDAD PROVINCIAL DEL CUSCO
_cBIBLIOTECA MUNICIPAL DEL CUSCO
082 _aC / 985.033 /
_bT17
100 _aTamayo Herrera, José Armando,
_92300
245 _aLa historia del monumento a Túpac Amaru /
260 _aPeru.
_c1980.
300 _a52 paginas ;
_bIlustraciones,
_c21 cm.
505 _aContenido : Historia del monumento de Tupac Amaru.
650 _aHistoria del Cusco
_91714
650 _aTupac Amaru
_9623
650 _aMonumento
_931417
710 _aComisión Nacional del Bicentenario de la Rebelión Emancipadora de Tupac Amaru
_922367
942 _2ddc
_cLIBROS
945 _awnts
_d2019-04-11